000 00909nam a2200217Ii 4500
003 JO-AjNU
008 230605s9999||||xx |||||||||||||| ||und||
017 _a2007/2/422
040 _aJO-AjNU
_bara
_erda
_cJO-AjNU
041 _aara
050 1 4 _aHF 5657.D3364 2010
100 3 _aتاليف: دهمش، نعيم /م.مشارك: محمد ابو نصار، محمود الخلايلة، احمد ظاهر، منير لطفي,
_eauthor
_927455
245 0 0 _aمبادىء المحاسبة: الاصول العلمية والعملية، ج2
250 _aط3
264 3 1 _aعمان: دار وائل للنشر والتوزيع، 2010
300 _aج2، 405ص
_bيحتوي على قائمة المصطلحات و ببلوغرافية من ص 391-405ص
336 _atext
_btxt
_2rdacontent
337 _aunmediated
_bn
_2rdamedia
338 _avolume
_bnc
_2rdacarrier
650 4 _aالمحاسبة
_927456
999 _aA10532
_c14100
_d14100